000
00200nam a2200085Ia 4500
008
120527s9999 xx 000 0 und d
100
_a
Mueller, G.M
245
_a
Readings in Macro Economics
942
_c
BK
999
_c
27135
_d
27135